|
|
|
|
| LEADER |
00000nam a2200000Ii 4500 |
| 001 |
DIGANAGRA0404 |
| 003 |
NyNyDIG |
| 006 |
m o d |
| 007 |
cr ||||||||||| |
| 008 |
210816s2016 sp o 000 0 spa d |
| 035 |
|
|
|a (OCoLC)1282639646
|
| 040 |
|
|
|a DGITA
|b eng
|e rda
|e pn
|c DGITA
|
| 020 |
|
|
|a 9788433928023
|q eBook
|q ePub
|
| 020 |
|
|
|z 9788433971234
|
| 041 |
1 |
|
|a spa
|h eng
|
| 050 |
1 |
4 |
|a HV6533.K3 ebook
|
| 082 |
0 |
4 |
|a 364.15230978144
|
| 100 |
1 |
|
|a Capote, Truman,
|d 1924-1984,
|e author.
|
| 240 |
1 |
0 |
|a In cold blood.
|l Spanish
|s (Zulaika Goicoechea)
|
| 245 |
1 |
0 |
|a A sangre fría /
|c Truman Capote ; traducción, Jesús Zulaika.
|
| 250 |
|
|
|a Edición en formato digital.
|
| 264 |
|
1 |
|a Barcelona :
|b Editorial Anagrama,
|c [2016]
|
| 300 |
|
|
|a 1 online resource.
|
| 336 |
|
|
|a text
|b txt
|2 rdacontent
|
| 337 |
|
|
|a computer
|b c
|2 rdamedia
|
| 338 |
|
|
|a online resource
|b cr
|2 rdacarrier
|
| 347 |
|
|
|a text file
|2 rdaft
|
| 347 |
|
|
|b EPUB
|
| 490 |
1 |
|
|a Panorama de narrativas
|
| 588 |
0 |
|
|a Online resource; title from ePub title page (Digitalia, viewed August 16, 2021)
|
| 600 |
1 |
0 |
|a Hickock, Richard Eugene,
|d 1931-1965.
|
| 600 |
1 |
0 |
|a Smith, Peter Edward,
|d 1928-1965.
|
| 650 |
|
0 |
|a Murder.
|
| 655 |
|
0 |
|a Electronic books.
|
| 700 |
1 |
|
|a Zulaika Goicoechea, Jesús,
|e translator.
|
| 700 |
1 |
|
|i Translation of:
|a Capote, Truman,
|d 1924-1984.
|t In cold blood.
|
| 776 |
0 |
8 |
|i Print version:
|a Capote, Truman, 1924-1984.
|s In cold blood. Spanish (Zulaika Goicoechea).
|t A sangre fría.
|d Barcelona : Editorial Anagrama, 1987
|z 9788433971234
|
| 791 |
2 |
|
|a Digitalia (Firm),
|e distributor.
|
| 793 |
0 |
|
|g Digitalia eBook Collection:
|a Anagrama
|
| 830 |
|
0 |
|a Panorama de narrativas ;
|v 521.
|
| 856 |
4 |
0 |
|3 Digitalia Hispánica
|u https://www.digitaliapublishing.com/a/48968/
|
| 910 |
|
|
|a Premium Collection: 2021
|